Statistiques concernant Devine le pays par sa forme

Cliquez ici pour prendre le quiz!

Statistiques générales

  • Ce quiz a été pris 2 419 fois
  • Le résultat moyen est 11 sur 20

Statistiques - réponses

Réponse% Correct
Royaume-Uni
100%
Australie
98%
Canada
97%
Etats-Unis
97%
Italie
97%
Brésil
95%
France
95%
Russie
94%
Chypre
93%
Égypte
93%
Norvège
93%
Afrique du Sud
92%
Sri Lanka
92%
Chine
91%
Japon
91%
Chili
90%
Croatie
90%
Madagascar
90%
Maroc
90%
Espagne
89%
Algérie
88%
Inde
88%
Indonésie
86%
Thaïlande
86%
Turquie
86%
Philippines
85%
Sénégal
85%
Mali
84%
Mexique
84%
Viêt Nam
84%
Mongolie
83%
Grèce
82%
Portugal
82%
Argentine
81%
Islande
81%
Nouvelle-Zélande
81%
Somalie
81%
Suède
80%
Papouasie Nouvelle Guinée
79%
Allemagne
78%
Irlande
78%
Roumanie
78%
Ukraine
78%
Autriche
77%
Israel
77%
Laos
76%
Gambie
75%
Suisse
75%
Libye
73%
Pakistan
73%
Mozambique
72%
République Démocratique du Congo
71%
Tchad
71%
Angola
69%
Cuba
67%
Népal
67%
Kazakhstan
66%
Panama
66%
Irak
65%
Éthiopie
64%
Finlande
64%
Iran
64%
Pérou
64%
Soudan
64%
Yémen
64%
Haïti
63%
Mauritanie
63%
Moldavie
63%
Ouzbékistan
63%
Maldives
62%
Namibie
62%
Bénin
61%
Érythrée
60%
Ghana
60%
Monaco
60%
Pologne
60%
Slovaquie
60%
Cameroun
59%
Danemark
58%
Jordanie
58%
Lettonie
58%
Micronésie
58%
Niger
58%
Tchéquie
58%
Arabie Saoudite
57%
Émirats arabes unis
57%
Myanmar
57%
Serbie
57%
Cap Vert
56%
Kosovo
56%
Pays-Bas
56%
Macédoine du Nord
55%
Trinité-et-Tobago
55%
Venezuela
55%
Afghanistan
54%
Albanie
54%
Taïwan
54%
Vatican
54%
Belize
53%
Nicaragua
53%
Turkménistan
53%
Malaisie
52%
Oman
52%
République du Congo
52%
Slovénie
52%
Bangladesh
51%
Belgique
51%
Bosnie-Herzégovine
51%
Guinée
51%
Luxembourg
51%
Seychelles
51%
Togo
51%
Guatemala
50%
Guinée équatoriale
50%
Hongrie
50%
Burkina Faso
49%
Bulgarie
48%
Lituanie
48%
Paraguay
48%
Géorgie
47%
Monténégro
47%
Soudan du Sud
47%
Azerbaïdjan
46%
Équateur
46%
Singapour
46%
Syrie
46%
Tuvalu
46%
Bolivie
45%
Corée du Sud
45%
Côte d'Ivoire
45%
Nigeria
45%
Saint-Christophe-et-Niévès
45%
Uruguay
45%
Burundi
44%
Sainte-Lucie
44%
Arménie
43%
Biélorussie
43%
Botswana
43%
Corée du Nord
43%
Eswatini
43%
Kenya
43%
Libéria
43%
Malawi
43%
Tonga
43%
Gabon
42%
Tadjikistan
41%
Bruneï
40%
Brunei
40%
Liban
40%
Salvador
40%
Barbade
39%
Jamaïque
39%
Malte
39%
Nauru
39%
Sierra Leone
39%
Tanzanie
39%
Estonie
38%
Guinée-Bissau
38%
Ouganda
38%
Samoa
38%
Centrafrique
37%
Qatar
37%
Saint-Marin
37%
Saint-Vincent-et-les-Grenadines
37%
République Dominicaine
36%
Antigua et Barbuda
35%
Cambodge
35%
Salomon
35%
Bahamas
34%
Guyana
34%
Honduras
34%
Koweït
34%
Suriname
34%
Andorre
33%
Costa Rica
33%
Liechtenstein
33%
Timor oriental
33%
Dominique
32%
Kirghyzistan
32%
Kiribati
32%
Lesotho
31%
Bhoutan
30%
Fidji
30%
Palaos
30%
São Tomé-et-Principe
30%
Bahreïn
29%
Comores
29%
Marshall
27%
Djibouti
26%
Rwanda
25%
Grenade
23%
Maurice
19%

Distribution des résultats

Percentile par nombre de réponses

% des personnes avec chaque résultat

Votre développement - résultats

Vous n’avez pas pris ce quiz